Central Library OPAC University of Rajshahi

Differential forms : (Record no. 50788)

MARC details
000 -LEADER
fixed length control field 00865nam a2200253 a 4500
001 - CONTROL NUMBER
control field 50788
003 - CONTROL NUMBER IDENTIFIER
rucl marc code BD-RjUL
005 - DATE AND TIME OF LATEST TRANSACTION
control field 20211209075550.0
008 - FIXED-LENGTH DATA ELEMENTS--GENERAL INFORMATION
fixed length control field 940909r19671963nyu 001 0 eng d
035 ## - SYSTEM CONTROL NUMBER
System control number (BD-RjUL)50908
040 ## - CATALOGING SOURCE
Original cataloging agency BD-RjUL
Language of cataloging eng
Transcribing agency BD-RjUL
Modifying agency BD-RjUL
041 ## - LANGUAGE CODE
Language code of text/sound track or separate title eng
082 ## - DEWEY DECIMAL CLASSIFICATION NUMBER
Edition number 23
Classification number 515.37
Author mark and year FLD 1967
100 1# - MAIN ENTRY--PERSONAL NAME
Personal name Flanders, Harley.
9 (RLIN) 152033
245 10 - TITLE STATEMENT
Title Differential forms :
Remainder of title with applications to the physical sciences /
Statement of responsibility, etc. Harley Flanders.
260 ## - PUBLICATION, DISTRIBUTION, ETC. (IMPRINT)
Place of publication, distribution, etc. London :
Name of publisher, distributor, etc. Academic Press,
Date of publication, distribution, etc. c1963,.[Reprinted 1967]
300 ## - PHYSICAL DESCRIPTION
Pagination xiii, 203 p. :
Illustrations ill. ;
Size 24 cm.
490 1# - SERIES STATEMENT
Series statement Mathematics in science and engineering ;
Volume/sequential designation v. 11
504 ## - BIBLIOGRAPHY, ETC. NOTE
Bibliography, etc Includes bibliography and index.
650 #0 - SUBJECT ADDED ENTRY--TOPICAL TERM
Topical term or geographic name as entry element Differential forms.
9 (RLIN) 152034
Topical term or geographic name as entry element Mathematical physics.
9 (RLIN) 122138
830 #0 - SERIES ADDED ENTRY--UNIFORM TITLE
Uniform title Mathematics in science and engineering ;
Volume number/sequential designation . 11
942 ## - ADDED ENTRY ELEMENTS (KOHA)
Source of classification or shelving scheme Dewey Decimal Classification
Koha item type Books
Holdings
Lost status Source of classification or shelving scheme Damaged status Not for loan Collection code Permanent Location Current Location Shelving location Date acquired Source of acquisition Cost, normal purchase price Total Checkouts Full call number Date last seen Copy number Koha item type
  Dewey Decimal Classification     Non-fiction Central Library, University of Rajshahi Central Library, University of Rajshahi   10/12/1968 Zeitlinger 71.00   515.37 FLD 1967 28/08/2016 C-2 Books
  Dewey Decimal Classification     Non-fiction Central Library, University of Rajshahi Central Library, University of Rajshahi   10/04/1965 Zeitlinger 60.00   515.37 FLD 1963 28/08/2016 C-3 Books
  Dewey Decimal Classification     Non-fiction Central Library, University of Rajshahi Central Library, University of Rajshahi   10/04/1965 Zeitlinger 60.00   515.37 FLD 1963 28/08/2016 C-4 Books